000 00430nam a2200169Ia 4500
003 GCL
008 140319s9999 xx 000 0 ara d
040 _aGCL /
_cGCL
082 0 4 _a928.1
_bح ك
100 1 _aحنا مينة
245 1 0 _aكيف حملت القلم /
_cحنا مينة
490 _aكتاب
_v0
650 0 4 _aالادب العربى
650 0 4 _aالادباء
650 0 4 _aحنامينة
942 _2ddc
_cBK
999 _c42468
_d42468